000 00681nam a22002057a 4500
999 _c181859
_d181859
005 20211007120650.0
010 _aENG-130007
020 _c2,995.00
_a978-93-91211-02-8
035 _aEN-113539
037 _bDBAD/PUB
082 _a345.40822
100 _aSingh , G.P
245 _aPrincipal Of Statutory Interpretation :
_bIncluding The General Clauses Act ,1897 With Notes
_cG.P Singh
250 _a15 Edition
260 _bLexisNexis
_aGurgaon
_c2021
270 _a14th Floor Building No 10, Tower-B, DLF Cyber City ,Phase-II
_bGurgaon
_e122002
300 _a854 p
_c24Cm (hbk)
700 _aAlok Aradhe ,A.K Patnaik
942 _2ddc
_cEN
_h345.40822
_mSIN